[Event "Mittelfranken-chTB1 1819"]
[Site "Mittelfranken"]
[Date "2019.03.03"]
[Round "6.8"]
[White "Hestermann, Hans Ludwig"]
[Black "Rupprecht, Lukas"]
[Result "0-1"]
[WhiteElo "1718"]
[BlackElo "1711"]
[PlyCount "66"]
[EventDate "2018.10.14"]
[EventType "team-tourn"]
[EventRounds "9"]
[EventCountry "GER"]
[SourceTitle "EXT 2022"]
[Source "ChessBase"]
[SourceDate "2021.10.06"]
[SourceVersion "1"]
[SourceVersionDate "2021.10.06"]
[SourceQuality "1"]
[WhiteTeam "Nuernberg Zabo Eintracht"]
[BlackTeam "Heideck/Hilpoltstein"]
[WhiteTeamCountry "GER"]
[BlackTeamCountry "GER"]

1. d4 Nf6 2. Nf3 e6 3. c4 d5 4. Nc3 dxc4 5. Qa4+ Nbd7 6. Bg5 Be7 7. e3 0-0 8. Qxc4 a6 9. Be2 b5 10. Qb3 c5 11. dxc5 Nxc5 12. Qc2 Bb7 13. 0-0 Qb6 14. b4 Nce4 15. Nxe4 Bxe4 16. Qb2 Rac8 17. Rfc1 h6 18. Bf4 Nd5 19. Rxc8 Rxc8 20. Be5 Rc2 21. Qb1 Rc4 22. Qd1 Nc3 23. Bxc3 Rxc3 24. a4 Bf6 25. Rc1 Rxc1 26. Qxc1 bxa4 27. Qc8+ Kh7 28. Qxa6 Qxa6 29. Bxa6 Bc3 30. Nd4 Bxd4 31. exd4 Bd5 32. Bd3+ Kg8 33. Bb1 a3 0-1

[Event "Mittelfranken-chT2b 1617"]
[Site "Mittelfranken"]
[Date "2017.03.05"]
[Round "7.3"]
[White "Hestermann, Hans Ludwig"]
[Black "Krauss, Hermann"]
[Result "1-0"]
[WhiteElo "1689"]
[BlackElo "1941"]
[PlyCount "77"]
[EventDate "2016.10.23"]
[EventType "team-tourn"]
[EventRounds "9"]
[EventCountry "GER"]
[SourceTitle "EXT 2022"]
[Source "ChessBase"]
[SourceDate "2021.10.06"]
[SourceVersion "1"]
[SourceVersionDate "2021.10.06"]
[SourceQuality "1"]
[WhiteTeam "Nuernberg Zabo Eintracht II"]
[BlackTeam "Nuernberg Noris Tarrasch IV"]
[WhiteTeamCountry "GER"]
[BlackTeamCountry "GER"]

1. d4 Nf6 2. Nf3 c5 3. d5 d6 4. c4 e5 5. dxe6 fxe6 6. Nc3 Nc6 7. Bg5 Be7 8. e3 0-0 9. a3 a6 10. Bd3 h6 11. Bxf6 Bxf6 12. Qc2 d5 13. Rd1 Qa5 14. 0-0 Ne7 15. a4 Bd7 16. cxd5 Bxc3 17. dxe6 Bxa4 18. b3 Bc6 19. Bh7+ Kh8 20. Nh4 c4 21. bxc4 Ba4 22. Qe4 Bxd1 23. Rxd1 Rad8 24. Rf1 Bf6 25. Ng6+ Nxg6 26. Bxg6 Qc7 27. f4 Rd2 28. Bf7 Qc6 29. Qg6 Qc5 30. e7 Qxe3+ 31. Kh1 Qxe7 32. Bd5 Re8 33. h3 Qe2 34. Kh2 b5 35. Rf2 Rxd5 36. Rxe2 Rxe2 37. cxd5 Kg8 38. d6 Kf8 39. d7 1-0

[Event "Mittelfranken-chT2b 1617"]
[Site "Mittelfranken"]
[Date "2017.02.12"]
[Round "6.5"]
[White "Arlt, Michael"]
[Black "Hestermann, Hans Ludwig"]
[Result "1-0"]
[WhiteElo "1878"]
[BlackElo "1689"]
[PlyCount "71"]
[EventDate "2016.10.23"]
[EventType "team-tourn"]
[EventRounds "9"]
[EventCountry "GER"]
[SourceTitle "EXT 2022"]
[Source "ChessBase"]
[SourceDate "2021.10.06"]
[SourceVersion "1"]
[SourceVersionDate "2021.10.06"]
[SourceQuality "1"]
[WhiteTeam "Schwanstetten"]
[BlackTeam "Nuernberg Zabo Eintracht II"]
[WhiteTeamCountry "GER"]
[BlackTeamCountry "GER"]

1. c4 e6 2. g3 d5 3. cxd5 exd5 4. Bg2 Nf6 5. Nf3 c6 6. 0-0 Bd6 7. d3 h6 8. e4 dxe4 9. dxe4 Bc7 10. Qc2 0-0 11. b3 Re8 12. Re1 Nbd7 13. Bb2 Ne5 14. Nxe5 Bxe5 15. Nc3 Bd7 16. Rad1 Qc8 17. f4 Bc7 18. Na4 b5 19. Nc5 Bb6 20. Bxf6 gxf6 21. Rd6 Re6 22. Rxe6 fxe6 23. e5 Qf8 24. b4 Be8 25. exf6 Qxf6 26. Re5 Rd8 27. h3 Bg6 28. Qe2 Bd3 29. Qg4+ Kf7 30. Kh2 Bxc5 31. Rxc5 Rg8 32. Qf3 Qg6 33. Rxc6 Bc4 34. Rc7+ Kf6 35. Qc3+ Kf5 36. Qe5# 1-0

[Event "Mittelfranken-chT2b 1617"]
[Site "Mittelfranken"]
[Date "2016.12.11"]
[Round "4.3"]
[White "Gloth, Gerrit"]
[Black "Hestermann, Hans Ludwig"]
[Result "1/2-1/2"]
[WhiteElo "1926"]
[BlackElo "1689"]
[PlyCount "98"]
[EventDate "2016.10.23"]
[EventType "team-tourn"]
[EventRounds "9"]
[EventCountry "GER"]
[SourceTitle "EXT 2022"]
[Source "ChessBase"]
[SourceDate "2021.10.06"]
[SourceVersion "1"]
[SourceVersionDate "2021.10.06"]
[SourceQuality "1"]
[WhiteTeam "Erlangen SC III"]
[BlackTeam "Nuernberg Zabo Eintracht II"]
[WhiteTeamCountry "GER"]
[BlackTeamCountry "GER"]

1. e4 e6 2. d3 d5 3. Nd2 dxe4 4. dxe4 e5 5. Ngf3 Bg4 6. h3 Bxf3 7. Qxf3 Nf6 8. Bb5+ c6 9. Bc4 Bc5 10. 0-0 Nbd7 11. Rd1 Qe7 12. a4 0-0 13. Nf1 h6 14. Ng3 Rfd8 15. Nf5 Qf8 16. Be3 Bxe3 17. Qxe3 Nc5 18. Rxd8 Rxd8 19. f3 b6 20. c3 Rd7 21. b4 Ne6 22. g3 Qd8 23. Ra2 Ne8 24. Kf2 Rd1 25. Be2 Rd7 26. Ke1 Nd6 27. Nxd6 Rxd6 28. Rd2 Kf8 29. Rxd6 Qxd6 30. Qd2 Ke7 31. Qxd6+ Kxd6 32. Kd2 c5 33. Kd3 cxb4 34. cxb4 Nd4 35. Bd1 g5 36. Ke3 f6 37. f4 Nc6 38. fxg5 hxg5 39. h4 gxh4 40. gxh4 Ke7 41. b5 Nd4 42. Bg4 Nb3 43. Bd1 Nc5 44. Bc2 Ne6 45. Kf2 Nd4 46. Bd1 Kf7 47. Kg3 Kg6 48. Kg4 Kh6 49. Kg3 Kg6 1/2-1/2

[Event "Mittelfranken-chT2b 1617"]
[Site "Mittelfranken"]
[Date "2016.11.27"]
[Round "3.5"]
[White "Hestermann, Hans Ludwig"]
[Black "Dereser, Marc"]
[Result "1/2-1/2"]
[WhiteElo "1689"]
[BlackElo "1714"]
[PlyCount "37"]
[EventDate "2016.10.23"]
[EventType "team-tourn"]
[EventRounds "9"]
[EventCountry "GER"]
[SourceTitle "EXT 2022"]
[Source "ChessBase"]
[SourceDate "2021.10.06"]
[SourceVersion "1"]
[SourceVersionDate "2021.10.06"]
[SourceQuality "1"]
[WhiteTeam "Nuernberg Zabo Eintracht II"]
[BlackTeam "Nuernberg SK 1911 II"]
[WhiteTeamCountry "GER"]
[BlackTeamCountry "GER"]

1. d4 d5 2. c4 e6 3. Nc3 Nf6 4. Nf3 Be7 5. Bf4 0-0 6. e3 a6 7. Bd3 dxc4 8. Bxc4 b5 9. Be2 Bb7 10. 0-0 Nbd7 11. Rc1 c5 12. dxc5 Nxc5 13. b4 Nce4 14. Nxe4 Bxe4 15. a3 Nd5 16. Be5 Bf6 17. Qd4 Bg6 18. Bxf6 Qxf6 19. Qxf6 1/2-1/2

[Event "Mittelfranken-chT2b 1617"]
[Site "Mittelfranken"]
[Date "2016.10.23"]
[Round "1.5"]
[White "Hestermann, Hans Ludwig"]
[Black "Brunner, Wolfgang"]
[Result "0-1"]
[WhiteElo "1689"]
[BlackElo "1857"]
[PlyCount "52"]
[EventDate "2016.10.23"]
[EventType "team-tourn"]
[EventRounds "9"]
[EventCountry "GER"]
[SourceTitle "EXT 2022"]
[Source "ChessBase"]
[SourceDate "2021.10.06"]
[SourceVersion "1"]
[SourceVersionDate "2021.10.06"]
[SourceQuality "1"]
[WhiteTeam "Nuernberg Zabo Eintracht II"]
[BlackTeam "Neumarkt"]
[WhiteTeamCountry "GER"]
[BlackTeamCountry "GER"]

1. d4 d5 2. c4 e6 3. Nf3 Nf6 4. Bg5 Nbd7 5. e3 c6 6. Nc3 Qa5 7. Bxf6 Nxf6 8. a3 Ne4 9. Rc1 Nxc3 10. Rxc3 dxc4 11. Bxc4 b5 12. Bd3 b4 13. Rxc6 bxa3+ 14. Ke2 axb2 15. Qc2 Bb7 16. Ne5 Be7 17. Rc7 f6 18. Rxe7+ Kxe7 19. Nc6+ Bxc6 20. Qxc6 Rab8 21. Bc4 Qb6 22. Qe4 g6 23. d5 Rhd8 24. Rb1 Rbc8 25. Kf3 Rd6 26. dxe6 Qc6 0-1

[Event "Mittelfranken Mitte-ch"]
[Site "Zirndorf"]
[Date "2016.01.04"]
[Round "4"]
[White "Hestermann, Hans Ludwig"]
[Black "Meulner, Fabian"]
[Result "0-1"]
[WhiteElo "1714"]
[BlackElo "1765"]
[PlyCount "70"]
[EventDate "2016.01.03"]
[EventType "swiss"]
[EventRounds "7"]
[EventCountry "GER"]
[SourceTitle "EXT 2018"]
[Source "ChessBase"]
[SourceDate "2017.10.13"]
[SourceVersion "1"]
[SourceVersionDate "2017.10.13"]
[SourceQuality "1"]

1. d4 Nf6 2. Nf3 e6 3. c4 c5 4. d5 b5 5. dxe6 fxe6 6. b3 d5 7. e3 bxc4 8. bxc4 Be7 9. Bd3 0-0 10. 0-0 Nc6 11. a3 Rb8 12. Qc2 d4 13. Rd1 e5 14. exd4 Bg4 15. dxe5 Nd7 16. Bxh7+ Kh8 17. e6 Nd4 18. Rxd4 cxd4 19. exd7 Bxf3 20. gxf3 Qxd7 21. Be4 d3 22. Qxd3 Qxd3 23. Bxd3 Rbd8 24. Be2 Rfe8 25. Nd2 Bf6 26. Ra2 Rxe2 27. Kf1 Rde8 28. Rc2 Bh4 29. Kg2 Rxf2+ 30. Kh3 Bd8 31. c5 Bc7 32. Rc3 Rxh2+ 33. Kg4 Rg2+ 34. Kh3 Rg3+ 35. Kh4 Re1 0-1

[Event "Mittelfranken Mitte-ch"]
[Site "Zirndorf"]
[Date "2016.01.03"]
[Round "3"]
[White "Wieczorek, Heinz"]
[Black "Hestermann, Hans Ludwig"]
[Result "1/2-1/2"]
[WhiteElo "1630"]
[BlackElo "1714"]
[PlyCount "57"]
[EventDate "2016.01.03"]
[EventType "swiss"]
[EventRounds "7"]
[EventCountry "GER"]
[SourceTitle "EXT 2018"]
[Source "ChessBase"]
[SourceDate "2017.10.13"]
[SourceVersion "1"]
[SourceVersionDate "2017.10.13"]
[SourceQuality "1"]

1. e4 e6 2. d4 d5 3. Nd2 dxe4 4. Nxe4 Nd7 5. Nf3 b6 6. Bd3 Bb7 7. 0-0 Ngf6 8. Ng3 h6 9. Re1 Be7 10. Qe2 0-0 11. Ne5 c5 12. dxc5 Nxe5 13. Qxe5 Bxc5 14. Be3 Ng4 15. Qf4 Nxe3 16. fxe3 Bd6 17. Qg4 Bxg3 18. Qxg3 Qf6 19. b3 e5 20. Rf1 Qe7 21. Rf5 e4 22. Bc4 Kh8 23. Raf1 f6 24. R5f4 Rad8 25. h3 Rd2 26. R4f2 Qd6 27. Qxd6 Rxd6 28. h4 g6 29. Re1 1/2-1/2

[Event "Nuremberg-ch op 06th"]
[Site "Nuremberg"]
[Date "2006.06.04"]
[Round "5.44"]
[White "Hestermann, Hans Ludwig"]
[Black "Stark, Bernhard"]
[Result "1/2-1/2"]
[WhiteElo "1649"]
[BlackElo "1441"]
[PlyCount "73"]
[EventDate "2006.06.02"]
[EventType "swiss"]
[EventRounds "5"]
[EventCountry "GER"]
[SourceTitle "EXT 2007"]
[Source "ChessBase"]
[SourceDate "2006.11.23"]
[SourceVersion "1"]
[SourceVersionDate "2006.11.23"]
[SourceQuality "1"]

1. d4 d5 2. c4 c6 3. cxd5 cxd5 4. Nc3 Bf5 5. Bf4 e6 6. a3 Nf6 7. e3 a6 8. Bd3 Bxd3 9. Qxd3 Bd6 10. Bxd6 Qxd6 11. Nf3 0-0 12. 0-0 h6 13. Ne5 Nbd7 14. Nxd7 Nxd7 15. Rac1 b5 16. Ne2 Rfc8 17. Rc2 Rc6 18. Rfc1 Rac8 19. h3 Nb8 20. b4 Rxc2 21. Rxc2 Rxc2 22. Qxc2 Qc6 23. Qc5 f6 24. Nf4 Kf7 25. Nd3 Qxc5 26. Nxc5 e5 27. dxe5 fxe5 28. Kf1 Ke7 29. Ke2 Kd6 30. f3 Kc6 31. h4 Nd7 32. Nxd7 Kxd7 33. f4 Ke6 34. g4 g6 35. Kd3 h5 36. gxh5 gxh5 37. fxe5 1/2-1/2

[Event "Nuremberg LGA Cup 2nd"]
[Site "Nuremberg"]
[Date "2005.09.10"]
[Round "4.58"]
[White "Beuschel, Uwe"]
[Black "Hestermann, Hans Ludwig"]
[Result "0-1"]
[WhiteElo "1429"]
[BlackElo "1674"]
[PlyCount "74"]
[EventDate "2005.09.08"]
[EventType "swiss"]
[EventRounds "7"]
[EventCountry "GER"]
[SourceTitle "EXT 2022"]
[Source "ChessBase"]
[SourceDate "2021.10.06"]
[SourceVersion "1"]
[SourceVersionDate "2021.10.06"]
[SourceQuality "1"]

1. e4 e6 2. d4 d5 3. Nc3 dxe4 4. Nxe4 Nf6 5. Nxf6+ Qxf6 6. Nf3 h6 7. Be3 b6 8. Bb5+ c6 9. Be2 Bb7 10. Qd2 Bd6 11. 0-0-0 Nd7 12. Kb1 0-0-0 13. c4 c5 14. d5 exd5 15. cxd5 Ne5 16. Qc3 Kb8 17. h3 Qf5+ 18. Qc2 Qxc2+ 19. Kxc2 Ng6 20. Rhe1 Rhe8 21. Bd3 Bxd5 22. Bxg6 Bxf3 23. Rxd6 Rxd6 24. Bxf7 Rxe3 25. Rxe3 Bxg2 26. Bc4 Kc7 27. Kc3 Bc6 28. h4 b5 29. Be2 Kb6 30. a3 a5 31. b4 axb4+ 32. axb4 cxb4+ 33. Kxb4 Rd4+ 34. Kb3 Rxh4 35. Rg3 g5 36. Bd3 Bd5+ 37. Kc3 Kc5 0-1

[Event "Nuremberg LGA Cup 2nd"]
[Site "Nuremberg"]
[Date "2005.09.08"]
[Round "1.27"]
[White "Hestermann, Hans Ludwig"]
[Black "Opitz, Alexander"]
[Result "0-1"]
[WhiteElo "1674"]
[BlackElo "2113"]
[PlyCount "60"]
[EventDate "2005.09.08"]
[EventType "swiss"]
[EventRounds "7"]
[EventCountry "GER"]
[SourceTitle "EXT 2022"]
[Source "ChessBase"]
[SourceDate "2021.10.06"]
[SourceVersion "1"]
[SourceVersionDate "2021.10.06"]
[SourceQuality "1"]

1. d4 Nf6 2. c4 c5 3. d5 e6 4. Nc3 exd5 5. Nxd5 Nxd5 6. Qxd5 Nc6 7. Nf3 d6 8. Bd2 Be6 9. Qe4 Be7 10. Bc3 Bf6 11. Rc1 0-0 12. e3 Bxc3+ 13. Rxc3 d5 14. cxd5 Bxd5 15. Qh4 Qxh4 16. Nxh4 b6 17. Bc4 Bxc4 18. Rxc4 Nb4 19. Ke2 Nxa2 20. Rd1 Nb4 21. Rd7 Rfd8 22. Rc7 Nd5 23. Rb7 Rdb8 24. Rd7 Rd8 25. Rb7 Rdb8 26. Rd7 Nf6 27. Re7 Kf8 28. Rc7 Ne8 29. Rd7 Rd8 30. Rb7 Nd6 0-1

[Event "Mittelfranken-ch QT 51st"]
[Site "Zirndorf"]
[Date "2002.??.??"]
[Round "5"]
[White "Ringler, Claus"]
[Black "Hestermann, Hans Ludwig"]
[Result "1-0"]
[WhiteElo "1350"]
[BlackElo "1653"]
[PlyCount "45"]
[EventDate "2002.03.27"]
[EventType "swiss"]
[EventRounds "7"]
[EventCountry "GER"]
[SourceTitle "EXT 2015"]
[Source "ChessBase"]
[SourceDate "2014.11.20"]
[SourceVersion "1"]
[SourceVersionDate "2014.11.20"]
[SourceQuality "1"]

1. Nf3 d5 2. g3 c5 3. Bg2 Nc6 4. 0-0 e5 5. d3 f5 6. Re1 Nf6 7. Nbd2 Be7 8. h3 e4 9. dxe4 fxe4 10. Nh2 0-0 11. e3 Be6 12. c3 Qd7 13. g4 Ne5 14. Rf1 g5 15. f3 Rad8 16. Qe2 Qc6 17. b3 Nd3 18. c4 dxc4 19. fxe4 b5 20. e5 Nd5 21. bxc4 Nc3 22. Rxf8+ Rxf8 23. Qxd3 1-0

[Event "Pyramiden Franken Cup 4th"]
[Site "Fuerth"]
[Date "2001.08.26"]
[Round "9"]
[White "Hestermann, Hans Ludwig"]
[Black "Stutz, Andrea"]
[Result "1/2-1/2"]
[WhiteElo "1742"]
[BlackElo "1570"]
[PlyCount "66"]
[EventDate "2001.08.18"]
[EventType "swiss"]
[EventRounds "9"]
[EventCountry "GER"]
[SourceTitle "EXT 2010"]
[Source "ChessBase"]
[SourceDate "2010.11.25"]
[SourceVersion "1"]
[SourceVersionDate "2010.11.25"]
[SourceQuality "1"]

1. d4 Nf6 2. c4 g6 3. Nc3 d5 4. e3 c6 5. Nf3 Bg7 6. h3 0-0 7. c5 Re8 8. b4 Nbd7 9. Bb2 Qc7 10. Bd3 Nf8 11. 0-0 N6d7 12. Qb3 e5 13. dxe5 Nxe5 14. Nxe5 Bxe5 15. Ne2 Ne6 16. f4 Bxb2 17. Qxb2 Ng7 18. Rf3 Bf5 19. Qc2 Re7 20. Nd4 Bxd3 21. Qxd3 Rae8 22. g4 Ne6 23. Raf1 Nxd4 24. exd4 f6 25. h4 Re4 26. R1f2 Qd7 27. Rg2 Re1+ 28. Kh2 Qe7 29. h5 Kg7 30. Kg3 Re4 31. hxg6 hxg6 32. Rh2 Rh8 33. Re2 Re8 1/2-1/2

[Event "Pyramiden Franken Cup 4th"]
[Site "Fuerth"]
[Date "2001.08.23"]
[Round "6"]
[White "Klein, Markus"]
[Black "Hestermann, Hans Ludwig"]
[Result "1-0"]
[WhiteElo "1523"]
[BlackElo "1742"]
[PlyCount "84"]
[EventDate "2001.08.18"]
[EventType "swiss"]
[EventRounds "9"]
[EventCountry "GER"]
[SourceTitle "EXT 2010"]
[Source "ChessBase"]
[SourceDate "2010.11.25"]
[SourceVersion "1"]
[SourceVersionDate "2010.11.25"]
[SourceQuality "1"]

1. d4 d5 2. Nf3 Nf6 3. c4 e6 4. Nc3 b6 5. cxd5 exd5 6. Bg5 Be7 7. e3 Bb7 8. Bd3 h6 9. Bh4 0-0 10. 0-0 Re8 11. Rc1 Nbd7 12. Bg3 c6 13. Nb5 Nh5 14. Nd6 Nxg3 15. Nxb7 Qc7 16. hxg3 Qxb7 17. b4 Bxb4 18. Qa4 c5 19. Bb5 Rad8 20. a3 Ba5 21. Ne5 Rxe5 22. Bc6 Qc7 23. dxe5 Nxe5 24. Bb5 d4 25. exd4 Ng4 26. dxc5 Nxf2 27. cxb6 Qxb6 28. Kh2 Bd2 29. Rc2 h5 30. Qb3 h4 31. gxh4 Bf4+ 32. g3 Be3 33. Bc4 Qxb3 34. Bxb3 Rd3 35. Bc4 Ng4+ 36. Kg2 Rxa3 37. Bxf7+ Kh7 38. Rc3 Bb6 39. Rxa3 Ne3+ 40. Kf3 Nc2 41. Rc3 Nd4+ 42. Ke4 Nb5 1-0

[Event "Mittelfranken Mitte-ch 0001"]
[Site "Zirndorf"]
[Date "2001.??.??"]
[Round "4"]
[White "Hestermann, Hans Ludwig"]
[Black "Schanz, Karlheinz"]
[Result "0-1"]
[WhiteElo "1688"]
[BlackElo "1821"]
[PlyCount "104"]
[EventDate "2001.01.13"]
[EventType "swiss"]
[EventRounds "7"]
[EventCountry "GER"]
[SourceTitle "EXT 2015"]
[Source "ChessBase"]
[SourceDate "2014.11.20"]
[SourceVersion "1"]
[SourceVersionDate "2014.11.20"]
[SourceQuality "1"]

1. d4 Nf6 2. c4 e6 3. Nc3 d5 4. Nf3 b6 5. Bg5 Be7 6. e3 Bb7 7. Bd3 Nbd7 8. 0-0 c5 9. cxd5 Nxd5 10. Bxe7 Qxe7 11. Rc1 Rc8 12. a3 0-0 13. Qe2 Rc7 14. Nb5 Rcc8 15. Nxa7 Ra8 16. Nb5 Rfc8 17. Rc2 N5f6 18. Rfc1 e5 19. dxe5 Nxe5 20. Nxe5 Qxe5 21. Rd1 Ra4 22. Nd6 Ng4 23. g3 Qh5 24. h4 g5 25. Bc4 Rc7 26. Nxb7 Rxb7 27. Bd5 Re7 28. Bf3 gxh4 29. Rd5 Qg6 30. b4 h5 31. gxh4 Ne5+ 32. Kf1 Nxf3 33. Qxf3 Qxc2 34. Rg5+ Kf8 35. Qxh5 Qc4+ 36. Kg1 Re4 37. Qh6+ Ke7 38. Qg7 Rxa3 39. h5 Rd3 40. h6 Rd1+ 41. Kg2 Qf1+ 42. Kf3 Qh1+ 43. Rg2 Re6 44. h7 Rf6+ 45. Ke4 Qh4+ 46. f4 Re6+ 47. Kf3 Rf1+ 48. Ke2 Qe1+ 49. Kd3 Qxe3+ 50. Kc4 Rxf4+ 51. Kb5 Qd3+ 52. Ka4 Rxb4# 0-1

[Event "Mittelfranken Mitte-ch 0001"]
[Site "Zirndorf"]
[Date "2001.??.??"]
[Round "3"]
[White "Sargin, Anatol"]
[Black "Hestermann, Hans Ludwig"]
[Result "1-0"]
[WhiteElo "1931"]
[BlackElo "1688"]
[PlyCount "65"]
[EventDate "2001.01.13"]
[EventType "swiss"]
[EventRounds "7"]
[EventCountry "GER"]
[SourceTitle "EXT 2015"]
[Source "ChessBase"]
[SourceDate "2014.11.20"]
[SourceVersion "1"]
[SourceVersionDate "2014.11.20"]
[SourceQuality "1"]

1. b3 d5 2. Bb2 c5 3. f4 Nc6 4. Nf3 Bf5 5. e3 d4 6. exd4 cxd4 7. Bb5 d3 8. c4 e6 9. Ne5 Qb6 10. Qf3 Nge7 11. Na3 0-0-0 12. Nxf7 Nd4 13. Qg3 Nec6 14. Bxc6 bxc6 15. c5 Bxc5 16. Bxd4 Bxd4 17. Rc1 Bb2 18. Nc4 Qd4 19. Nxb2 Qxb2 20. Rxc6+ Kb8 21. Nxd8 Rxd8 22. Qf3 Rd5 23. Rc3 Qb1+ 24. Qd1 Qxa2 25. Qc1 Qa5 26. 0-0 Bg4 27. Qb2 Qb6+ 28. Kh1 Be2 29. Rfc1 Qf2 30. Rc8+ Kb7 31. R8c7+ Kb6 32. R7c6+ Kb7 33. Qxg7+ 1-0

[Event "Pyramiden Franken Cup 3rd"]
[Site "Fuerth"]
[Date "2000.08.22"]
[Round "4"]
[White "Hestermann, Hans Ludwig"]
[Black "Thoma, Dirk"]
[Result "1-0"]
[WhiteElo "1726"]
[BlackElo "1424"]
[PlyCount "79"]
[EventDate "2000.08.19"]
[EventType "swiss"]
[EventRounds "9"]
[EventCountry "GER"]
[SourceTitle "EXT 2010"]
[Source "ChessBase"]
[SourceDate "2010.11.25"]
[SourceVersion "1"]
[SourceVersionDate "2010.11.25"]
[SourceQuality "1"]

1. d4 Nf6 2. c4 e6 3. Nc3 b6 4. Nf3 Bb7 5. e3 Be7 6. Bd3 d5 7. 0-0 0-0 8. a3 a5 9. Bd2 Nbd7 10. Qe2 Ne4 11. cxd5 exd5 12. Rac1 Nxd2 13. Nxd2 c5 14. dxc5 Nxc5 15. Bb1 Qd7 16. Nf3 Ba6 17. Ne5 Qe8 18. Nd3 Nb3 19. Rcd1 Bc4 20. Qc2 g6 21. Nf4 Rc8 22. Rfe1 b5 23. Nfxd5 Bxd5 24. Rxd5 b4 25. Qxb3 bxc3 26. bxc3 Bf6 27. c4 a4 28. Qd3 Qc6 29. Rd6 Qc5 30. Rxf6 Rfd8 31. Qc3 Rb8 32. Bc2 Rb7 33. Bxa4 Rdb8 34. Bc2 Rb2 35. Rd1 Qh5 36. Rfd6 Qg5 37. a4 R2b7 38. c5 Rc7 39. c6 h5 40. Rd7 1-0

[Event "Pyramiden Franken Cup 3rd"]
[Site "Fuerth"]
[Date "2000.08.19"]
[Round "1"]
[White "De Andres Gonalons, Fernando"]
[Black "Hestermann, Hans Ludwig"]
[Result "1-0"]
[WhiteElo "2183"]
[BlackElo "1726"]
[PlyCount "93"]
[EventDate "2000.08.19"]
[EventType "swiss"]
[EventRounds "9"]
[EventCountry "GER"]
[SourceTitle "EXT 2010"]
[Source "ChessBase"]
[SourceDate "2010.11.25"]
[SourceVersion "1"]
[SourceVersionDate "2010.11.25"]
[SourceQuality "1"]

1. d4 d5 2. c4 e6 3. Nf3 Nf6 4. Nc3 b6 5. a3 Be7 6. Bf4 0-0 7. cxd5 exd5 8. e3 c6 9. h3 Bb7 10. Bd3 Bd6 11. Bg5 h6 12. Bxf6 Qxf6 13. 0-0 Nd7 14. Rc1 Rac8 15. Bb1 Rfe8 16. Re1 Bb8 17. b4 Nf8 18. Qd3 Qd6 19. Ne5 Qf6 20. f4 c5 21. bxc5 Red8 22. cxb6 axb6 23. Na4 Ba7 24. Qb5 Qh4 25. Nxb6 Bxb6 26. Qxb6 Rxc1 27. Rxc1 Bc8 28. Qc7 Be6 29. Nf3 Qf6 30. Qe5 Qe7 31. Rc5 Qb7 32. Bc2 Ra8 33. Rc7 Qb2 34. f5 f6 35. Qf4 Bd7 36. Qd6 Rxa3 37. Qxd5+ Kh7 38. Qd6 Ra8 39. Qf4 Qc1+ 40. Kh2 Rc8 41. Rxc8 Bxc8 42. Ba4 Qa3 43. Bc6 Qa5 44. e4 Qb6 45. Qd6 Bb7 46. d5 Kg8 47. Qb8 1-0

[Event "Seebach op 11th"]
[Site "Grossenseebach"]
[Date "2000.02.??"]
[Round "2"]
[White "Hestermann, Hans Ludwig"]
[Black "Glas, Markus"]
[Result "1-0"]
[WhiteElo "1711"]
[BlackElo "1641"]
[PlyCount "83"]
[EventDate "2000.02.25"]
[EventType "swiss"]
[EventRounds "5"]
[EventCountry "GER"]
[SourceTitle "EXT 2018"]
[Source "ChessBase"]
[SourceDate "2017.10.13"]
[SourceVersion "1"]
[SourceVersionDate "2017.10.13"]
[SourceQuality "1"]

1. d4 Nf6 2. c4 c5 3. d5 e6 4. Nc3 exd5 5. cxd5 d6 6. e4 g6 7. Bd3 Bg7 8. f4 0-0 9. Nf3 a6 10. a4 Bg4 11. 0-0 Nbd7 12. h3 Bxf3 13. Qxf3 Ne8 14. Bd2 Qb6 15. Bc4 Qxb2 16. Qd3 Qb6 17. Rae1 Qc7 18. f5 Ne5 19. Qe2 Nxc4 20. Qxc4 Bd4+ 21. Kh1 Qd7 22. Bh6 Nf6 23. Bxf8 Rxf8 24. fxg6 fxg6 25. Ne2 b5 26. Qc2 Be5 27. axb5 axb5 28. Ng1 c4 29. Nf3 Bg3 30. Ra1 Qe7 31. Ng5 Qe5 32. Ne6 Rc8 33. Ra3 b4 34. Rxg3 Qxg3 35. Rxf6 Qe1+ 36. Kh2 c3 37. Qa4 Qxe4 38. Qd7 Qe5+ 39. Rf4 Ra8 40. Qb7 Rd8 41. Qf7+ Kh8 42. Nxd8 1-0

[Event "Mittelfranken Mitte-ch 9900"]
[Site "Zirndorf"]
[Date "2000.??.??"]
[Round "3"]
[White "Hestermann, Hans Ludwig"]
[Black "Ringler, Claus"]
[Result "1-0"]
[WhiteElo "1688"]
[BlackElo "1419"]
[PlyCount "77"]
[EventDate "2000.01.22"]
[EventType "swiss"]
[EventRounds "7"]
[EventCountry "GER"]
[SourceTitle "EXT 2015"]
[Source "ChessBase"]
[SourceDate "2014.11.20"]
[SourceVersion "1"]
[SourceVersionDate "2014.11.20"]
[SourceQuality "1"]

1. d4 Nf6 2. c4 d6 3. Nc3 c6 4. Nf3 Qc7 5. Bg5 Nbd7 6. e4 e5 7. d5 h6 8. Bxf6 Nxf6 9. Bd3 Be7 10. 0-0 Bg4 11. h3 Bc8 12. Rc1 0-0 13. Qe2 Nd7 14. Nd1 Nc5 15. Bb1 a5 16. Ne3 Re8 17. Rc3 a4 18. Ne1 Bd7 19. Nd3 Nxe4 20. Rcc1 Qb6 21. Nxe5 dxe5 22. Bxe4 Bg5 23. Rc3 g6 24. c5 Qb5 25. Bd3 Qa5 26. d6 e4 27. Bc4 Be6 28. Bxe6 Rxe6 29. Rd1 Re5 30. Nc4 Qxc5 31. Nxe5 Qxe5 32. Rc4 f5 33. f3 Qg3 34. Qf2 Qf4 35. fxe4 fxe4 36. Qxf4 Bxf4 37. Rxe4 g5 38. d7 Rd8 39. Re8+ 1-0

[Event "Mittelfranken-ch QT 49th"]
[Site "Ansbach"]
[Date "2000.??.??"]
[Round "2"]
[White "Horstmann, Uwe"]
[Black "Hestermann, Hans Ludwig"]
[Result "1/2-1/2"]
[WhiteElo "1843"]
[BlackElo "1720"]
[PlyCount "58"]
[EventDate "2000.04.19"]
[EventType "swiss"]
[EventRounds "7"]
[EventCountry "GER"]
[SourceTitle "EXT 2015"]
[Source "ChessBase"]
[SourceDate "2014.11.20"]
[SourceVersion "1"]
[SourceVersionDate "2014.11.20"]
[SourceQuality "1"]

1. e4 e6 2. d4 d5 3. Nc3 Nf6 4. Bg5 Be7 5. e5 Nfd7 6. Bxe7 Qxe7 7. Nf3 a6 8. Bd3 c5 9. dxc5 Nxc5 10. 0-0 Nxd3 11. cxd3 0-0 12. Re1 Nc6 13. d4 Bd7 14. Qd2 f6 15. Rac1 Rad8 16. Rcd1 fxe5 17. Nxe5 Nxe5 18. Rxe5 Bc6 19. Rde1 Qd7 20. Qe3 Rf6 21. Nb1 Qf7 22. Nd2 Bd7 23. Nf3 h6 24. h3 Rf8 25. Rc1 Rc8 26. Qd2 Rxc1+ 27. Qxc1 Bc6 28. Qd2 Qg6 29. Re3 Qb1+ 1/2-1/2